00429nam a2200145Ia 4500008004100000040001800041041000800059100003100067245002400098260005700122300002300179490002400202650003300226650002400259130821s1980 sp gr spa  aCo-BoUCMbspa aspa aBarthes, Rolandd1915-1980 aS/ZcRoland Barther aMadrid (España)bSiglo Veintiuno de Españac1980 a4 h, 221 páginas aCrítica Literaria04aCrítica literariazFrancia04aLiteratura francesa